000 00583nam a2200253Ia 4500
005 20260121155455.0
008 008 260114s9999 xx 000 0 eng d
020 _a9781315160726
037 _aEBOOK
040 _aCRL
040 _beng
040 _cCRL
041 _2eng
041 _aeng
084 _qCRL
100 _a Lise Lewis
_91019937
245 0 _aRelational Feedback
260 _bTaylor and Francis
260 _c2020
856 _uhttp://www.taylorfrancis.com/books/9781315160726
942 _cEBOOK
999 _c1586756
_d1586756